000 01269nam a2200349 i 4500
003 EG-ScBUE
005 20250525082832.0
008 150816s1995 enka f b 001 0 eng d
020 _a0521498481
020 _a9780521498487
040 _aEG-ScBUE
_beng
_erda
_cEG-ScBUE
_dEG-ScBUE
082 0 4 _a531.32
_bMAI
_222
100 1 _aMain, Iain G.,
_eauthor.
245 1 0 _aVibrations and waves in physics /
_cIain G. Main, formerly senior lecture in physics, University of Liverpool.
250 _aThird edition.
264 1 _aCambridge :
_bCambridge University Press,
_c1995.
300 _axviii, 359 pages :
_billustrations ;
_c24 cm.
336 _2rdacontent
_atext
_btxt
337 _aunmediated
_2rdamedia
_bn
338 _avolume
_bnc
_2rdacarrier
490 0 _aCambridge low price editions
500 _aIncludes index.
590 _aMenna elemam
650 7 _aVibration.
_2BUEsh
650 7 _aWaves.
_2BUEsh
653 _bENGGEN
_cAugust2015
655 _vReading book
856 4 1 _3Sample text
_uhttp://www.loc.gov/catdir/samples/cam031/92033323.html
856 4 1 _3Publisher description
_uhttp://www.loc.gov/catdir/description/cam025/92033323.html
856 4 1 _3Table of contents
_uhttp://www.loc.gov/catdir/toc/cam028/92033323.html
942 _cBB
_2ddc
999 _c6772
_d6772